V pasti úspěchu diagnóza kapitalismu 21. století

Guardado en:
Detalles Bibliográficos
Autor principal: Reich, Robert B.
Otros Autores: Dobal, Viktor
Formato: Libro
Lenguaje:checo
Publicado: Praha PROSTOR 2003
Colección:Střed 58
Materias:
Etiquetas: Agregar Etiqueta
Sin Etiquetas, Sea el primero en etiquetar este registro!

MARC

LEADER 00000nam$a2200000$$$4500
001 0041416
005 20240306141726.5
020 |a 80-7260-096-6 
041 0 |a cze 
044 |a CZ 
245 1 0 |a V pasti úspěchu  |b diagnóza kapitalismu 21. století  |c Robert B. Reich ; prekl. Viktor Dobal 
264 1 |a Praha  |b PROSTOR  |c 2003 
300 |a 423 s. 
490 1 |a Střed  |v 58 
830 0 |a Střed  |v 58 
610 2 0 |a vzťahy ekonomické 
610 2 0 |a vývoj hospodársky 
610 2 0 |a myslenie ekonomické 
610 2 0 |a prostredie ekonomické 
610 2 0 |a vedomie ekonomické 
610 2 0 |a globalizácia hospodárstva 
610 2 0 |a ekonomika nová 
610 2 0 |a vzťahy pracovné 
610 2 0 |a zamestnanie 
610 2 0 |a vzťahy medziľudské 
610 2 0 |a rodina 
610 2 0 |a spoločnosť 
610 2 0 |a voľba verejná 
100 1 |a Reich, Robert B. 
700 1 |a Dobal, Viktor